Industrial inorganic analysis / (Record no. 69500)
[ view plain ]
| 000 -LEADER | |
|---|---|
| fixed length control field | 00754nam a2200253 a 4500 |
| 001 - CONTROL NUMBER | |
| control field | 69500 |
| 003 - CONTROL NUMBER IDENTIFIER | |
| rucl marc code | BD-RjUL |
| 005 - DATE AND TIME OF LATEST TRANSACTION | |
| control field | 20211209081909.0 |
| 008 - FIXED-LENGTH DATA ELEMENTS--GENERAL INFORMATION | |
| fixed length control field | 170412s1953 nyua b 001 0 eng |
| 035 ## - SYSTEM CONTROL NUMBER | |
| System control number | (BD-RjUL)69712 |
| 040 ## - CATALOGING SOURCE | |
| Original cataloging agency | DLC/ICU |
| Transcribing agency | ICU |
| Modifying agency | BD-RjUL |
| Language of cataloging | eng |
| 041 ## - LANGUAGE CODE | |
| Language code of text/sound track or separate title | eng |
| 082 00 - DEWEY DECIMAL CLASSIFICATION NUMBER | |
| Classification number | 543 |
| Edition number | 23 |
| Author mark and year | YOI 1953 |
| 100 1# - MAIN ENTRY--PERSONAL NAME | |
| Personal name | Young, Roland Stansfield, |
| Dates associated with a name | 1906- |
| 9 (RLIN) | 205857 |
| 245 10 - TITLE STATEMENT | |
| Title | Industrial inorganic analysis / |
| Statement of responsibility, etc. | Roland S. Young |
| 260 ## - PUBLICATION, DISTRIBUTION, ETC. (IMPRINT) | |
| Place of publication, distribution, etc. | New York : |
| Name of publisher, distributor, etc. | Wiley, |
| Date of publication, distribution, etc. | 1953. |
| 300 ## - PHYSICAL DESCRIPTION | |
| Pagination | viii, 368 p. : |
| Illustrations | ill. ; |
| Size | 23 cm. |
| 504 ## - BIBLIOGRAPHY, ETC. NOTE | |
| Bibliography, etc | Includes index and bibliographies. |
| 650 #0 - SUBJECT ADDED ENTRY--TOPICAL TERM | |
| Topical term or geographic name as entry element | Analytical Chemistry |
| 9 (RLIN) | 205858 |
| Topical term or geographic name as entry element | Chemistry, Technical. |
| 9 (RLIN) | 163507 |
| Topical term or geographic name as entry element | Chemistry, Inorganic. |
| 9 (RLIN) | 117207 |
| 942 ## - ADDED ENTRY ELEMENTS (KOHA) | |
| Source of classification or shelving scheme | Dewey Decimal Classification |
| Koha item type | Books |
| Lost status | Source of classification or shelving scheme | Damaged status | Not for loan | Collection code | Permanent Location | Current Location | Shelving location | Date acquired | Source of acquisition | Total Checkouts | Full call number | Date last seen | Copy number | Koha item type |
|---|---|---|---|---|---|---|---|---|---|---|---|---|---|---|
| Dewey Decimal Classification | Not For Loan | Non-fiction | Central Library, University of Rajshahi | Central Library, University of Rajshahi | Reading Room | 29/11/1958 | Colombo | 543 YOI 1953 | 12/04/2017 | C-1 | Books |